Central Library OPAC University of Rajshahi

Image of America / (Record no. 27436)

MARC details
000 -LEADER
fixed length control field 01011nam a22002772 4500
001 - CONTROL NUMBER
control field 27436
003 - CONTROL NUMBER IDENTIFIER
rucl marc code BD-RjUL
005 - DATE AND TIME OF LATEST TRANSACTION
control field 20211209051144.0
008 - FIXED-LENGTH DATA ELEMENTS--GENERAL INFORMATION
fixed length control field 140325s19591958enk 000 0 eng d
035 ## - SYSTEM CONTROL NUMBER
System control number OCLC ocm14720081 from D970428M
-- (BD-RjUL)27510
040 ## - CATALOGING SOURCE
Original cataloging agency OBE
Transcribing agency OBE
Modifying agency WSU
-- UKM
-- BD-RjUL
Language of cataloging eng
041 1# - LANGUAGE CODE
Language code of text/sound track or separate title engfre
082 ## - DEWEY DECIMAL CLASSIFICATION NUMBER
Classification number 973
Author mark and year BRI 1959
090 ## - LOCALLY ASSIGNED LC-TYPE CALL NUMBER (OCLC); LOCAL CALL NUMBER (OCLC)
Classification number (OCLC) (R) ; Classification number, CALL (RLIN) (NR) E169.1
Local cutter number (OCLC) ; Book number/undivided call number, CALL (RLIN) .B8843 1960
100 1# - MAIN ENTRY--PERSONAL NAME
Personal name Bruckberger, R.-L.
Fuller form of name (Raymond-Léopold),
Dates associated with a name 1907-1998.
9 (RLIN) 84277
245 10 - TITLE STATEMENT
Title Image of America /
Statement of responsibility, etc. Translated from the Frence by C.G. Paulding and Virgilia Peterson
Number of part/section of a work Part I
Name of part/section of a work The Political Revolution
260 ## - PUBLICATION, DISTRIBUTION, ETC. (IMPRINT)
Place of publication, distribution, etc. NewYork :
Name of publisher, distributor, etc. Viking Press,
Date of publication, distribution, etc. c1959.
300 ## - PHYSICAL DESCRIPTION
Pagination ix, 259 p. ;
Size 22 cm.
650 #0 - SUBJECT ADDED ENTRY--TOPICAL TERM
Topical term or geographic name as entry element Industries
Geographic subdivision United States.
9 (RLIN) 84278
651 #0 - SUBJECT ADDED ENTRY--GEOGRAPHIC NAME
Geographic name United States
General subdivision Civilization.
9 (RLIN) 84279
Geographic name United States
General subdivision History
Chronological subdivision Revolution, 1775-1783.
9 (RLIN) 84280
Geographic name United States
General subdivision Foreign public opinion.
9 (RLIN) 84281
700 ## - ADDED ENTRY--PERSONAL NAME
Personal name C.G. Paulding
Personal name Virgilia Peterson
942 ## - ADDED ENTRY ELEMENTS (KOHA)
Source of classification or shelving scheme Dewey Decimal Classification
Koha item type Books
Holdings
Lost status Source of classification or shelving scheme Materials specified (bound volume or other part) Damaged status Not for loan Collection code Permanent Location Current Location Shelving location Date acquired Source of acquisition Cost, normal purchase price Total Checkouts Full call number Date last seen Copy number Koha item type
  Dewey Decimal Classification Part I   Added to bundle Non-fiction Central Library, University of Rajshahi Central Library, University of Rajshahi Reading Room 05/02/1985 Socio Eco-Board 0.00   973 BRI 1959 25/03/2014 C-1 Books